| 000 | 00635nam a22002057a 4500 | ||
|---|---|---|---|
| 942 | _cBK | ||
| 999 |
_c839 _d839 |
||
| 005 | 20250420134826.0 | ||
| 008 | 230820b ||||| |||| 00| 0 eng d | ||
| 020 | _a9781526847638 | ||
| 040 | _cKCST | ||
| 082 |
_a428.34 _bKo In |
||
| 100 |
_aKozanoglou, Danae _95778 |
||
| 245 |
_aNew interactions intro : _blistening and speaking / _cDanae Kozanoglou |
||
| 260 |
_bMc Graw-Hill; _c2020 |
||
| 300 | _a240 p. | ||
| 650 |
_aEnglish language _vTextbooks for foreign speakers _94734 |
||
| 650 |
_aEnglish language _vProblems, exercises etc. _94926 |
||
| 650 |
_aEnglish language _vListening, speaking _95779 |
||
| 942 | _2ddc | ||